[Event "ch-ISR 2013"]
[Site "Acre ISR"]
[Date "2013.04.08"]
[Round "3.16"]
[White "Svoisky,D"]
[Black "Katzir,M"]
[Result "1-0"]
[WhiteElo "2227"]
[BlackElo "2201"]

1.e4 c5 2.Nf3 e6 3.d4 cxd4 4.Nxd4 Nc6 5.Nc3 Qc7 6.g3 a6 7.Bg2 Nf6 8.O-O Bc5
9.Nb3 Ba7 10.Bf4 Ne5 11.a4 d6 12.Qe2 Nc4 13.Bxd6 Nxd6 14.e5 Nde4 15.Bxe4 Nxe4
16.Qxe4 Rb8 17.Qb4 Qe7 18.Qxe7+ Kxe7 19.Rfd1 h5 20.h4 Bd7 21.Rd3 Rbc8 22.Rad1 Rc7
23.Nd2 b5 24.axb5 axb5 25.Nde4 b4 26.Na2 Bb5 27.R3d2 Bc6 28.Nd6 Rb8 29.Nc1 g5
30.hxg5 Rg8 31.Nd3 Rxg5 32.Nxb4 Bf3 33.Ra1 Rxg3+ 34.Kh2 Rg2+ 35.Kh3 Bxf2
36.Rxf2 Rxf2 37.Kg3 Re2 38.Kxf3 Rxe5 39.Ne4 Rc4 40.Ra7+ Kf8 41.Rxf7+ Kg8
42.Rf4 Rf5 43.c3 Kh7 44.Nd3 Ra4 45.Ng5+ Kg6 46.Nxe6 Ra1 47.Ke4 Rxf4+ 48.Nexf4+ Kg5
49.b4 h4 50.c4 Kf6 51.c5 Rb1 52.Kd5 Rd1 53.Kd4 Rg1 54.b5 Ke7 55.b6 Kd7 56.Kd5 Rd1
57.c6+ Kc8 58.Kd6 h3 59.b7+ Kb8 60.c7+ Kxb7 61.Kd7 h2 62.c8=Q+ Ka7 63.Qc5+ Kb8
64.Qb5+ Ka7 65.Qa4+  1-0

[Event "14th TCh-RUS w 2013"]
[Site "Loo RUS"]
[Date "2013.04.08"]
[Round "2"]
[White "Dogodkina,J"]
[Black "Savina,A"]
[Result "1/2-1/2"]
[WhiteElo "2136"]
[BlackElo "2372"]

1.e4 c5 2.Nf3 Nc6 3.Nc3 e6 4.d4 cxd4 5.Nxd4 Nf6 6.Ndb5 d6 7.Bf4 e5 8.Bg5 a6
9.Na3 b5 10.Nd5 Be7 11.Bxf6 Bxf6 12.c4 b4 13.Nc2 O-O 14.Be2 a5 15.O-O Bg5
16.Bf3 Ne7 17.Nde3 g6 18.Qd3 Qb6 19.Rfd1 Rd8 20.b3 Be6 21.a3 bxa3 22.Rxa3 Bxe3
23.Nxe3 Nc6 24.Nc2 Rab8 25.h3 Qc5 26.Rda1 Rd7 27.Bg4 Rdb7 28.Bf3 Kg7 29.Be2 Rf8
30.Qc3 f5 31.exf5 Bxf5 32.Ne3 Rbf7 33.R3a2 Be6 34.Bg4 Bxg4 35.hxg4 Rb8 36.g5 Rfb7
37.Rb1 Qd4 38.Nd5 Rxb3 39.Rxb3 Qd1+ 40.Kh2 Rxb3 41.Qc2 Qh5+ 42.Kg1 Nd4 43.Qe4 Qd1+
44.Kh2 Rb1 45.Ne3 Qh5+ 46.Kg3 Qxg5+ 47.Qg4 Qxg4+ 48.Kxg4 h5+ 49.Kg3 Nb3 50.Ra3 Kh6
51.f3 Kg5 52.Kh2 h4 53.g3 Nd4 54.f4+ exf4 55.Rxa5+ Nf5 56.gxh4+ Kxh4 57.Nxf5+ gxf5
58.Rxf5 Rb2+ 59.Kg1 Kg3 60.Rg5+ Kf3 61.Rd5 Rb1+ 62.Kh2 Rc1 63.Rxd6 Rxc4 64.Rd3+ Kf2
65.Rd2+ Ke1 66.Ra2 Re4 67.Kg1 Re7 68.Ra1+ Ke2 69.Ra2+ Kf3 70.Kf1 Re3 71.Rf2+ Kg4
72.Rg2+ Kh3 73.Rg8 Rf3+ 74.Ke2 Rg3 75.Rf8 Kg4 76.Rg8+ Kh3 77.Rf8 Kg4  1/2-1/2

[Event "15th Dubai Open 2013"]
[Site "Dubai UAE"]
[Date "2013.04.09"]
[Round "3.8"]
[White "Paehtz,E"]
[Black "Ehlvest,J"]
[Result "0-1"]
[WhiteElo "2479"]
[BlackElo "2611"]

1.e4 c5 2.Nf3 e6 3.d4 cxd4 4.Nxd4 Nc6 5.Nc3 Qc7 6.f4 a6 7.Nxc6 Qxc6 8.Bd3 b5
9.Qe2 Bb7 10.Bd2 Rc8 11.a3 Bc5 12.O-O-O b4 13.axb4 Bxb4 14.Qg4 Kf8 15.Qh4 Nf6
16.Rhe1 Be7 17.Qh3 h5 18.Rf1 Kg8 19.Rde1 Bb4 20.Qg3 Qc5 21.Qg5 Qxg5 22.fxg5 Ng4
23.e5 Nxh2 24.Rf4 Be7 25.Rd4 Bc6 26.b4 Rb8 27.Ne4 Ng4 28.Bxa6 Nxe5 29.Nd6 f6
30.Nc8 Bf8 31.gxf6 gxf6 32.Nd6 h4 33.b5 Bxg2 34.Rxe5 Bxd6 35.Re2 Ba3+ 36.Kb1 h3
37.Rxd7 Bc6 38.Rc7 h2  0-1

[Event "15th Dubai Open 2013"]
[Site "Dubai UAE"]
[Date "2013.04.10"]
[Round "4.37"]
[White "Khukhashvili,S"]
[Black "Phadke,So1"]
[Result "1-0"]
[WhiteElo "2386"]
[BlackElo "2187"]

1.e4 c5 2.Nf3 Nc6 3.Nc3 e6 4.d4 cxd4 5.Nxd4 Nf6 6.a3 d5 7.Bb5 Bd7 8.exd5 Nxd5
9.Nxd5 exd5 10.O-O Be7 11.Ne2 a6 12.Ba4 Na5 13.Bxd7+ Qxd7 14.Bd2 Nc6 15.Bc3 O-O
16.Qd3 Rfe8 17.Rad1 Rad8 18.Qg3 Bf8 19.Rd2 Qf5 20.h3 g6 21.Qg4 Qxg4 22.hxg4 Bg7
23.Bxg7 Kxg7 24.f3 d4 25.Rfd1 Rc8 26.c3 dxc3 27.Nxc3 Rcd8 28.Rxd8 Rxd8 29.Rxd8 Nxd8
30.Ne4 h6 31.Kf2 Kf8 32.Ke3 Ke7 33.Kd4 Ne6+ 34.Ke5 Nd8 35.f4 f6+ 36.Kd5 Ne6
37.g3 Ng7 38.Nd6 h5 39.f5 gxf5 40.gxh5 Nxh5 41.Nxf5+ Kd7 42.Ke4  1-0

[Event "15th Dubai Open 2013"]
[Site "Dubai UAE"]
[Date "2013.04.10"]
[Round "4.31"]
[White "Narayanan,Sri"]
[Black "Raes,A"]
[Result "1-0"]
[WhiteElo "2440"]
[BlackElo "2241"]

1.e4 c5 2.Nf3 e6 3.d4 cxd4 4.Nxd4 Nc6 5.Nc3 Nf6 6.Nxc6 bxc6 7.e5 Nd5 8.Ne4 Qc7
9.f4 Qb6 10.c4 Ne3 11.Qd3 Bb4+ 12.Bd2 O-O 13.b3 d5 14.exd6 f5 15.c5 fxe4
16.Qxe3 Qxc5 17.Qxc5 Bxc5 18.Rc1 Bxd6 19.Rxc6 Bxf4 20.Bxf4 Rxf4 21.Bc4 Kf7
22.Ke2 Kg6 23.Rd1 Rf6 24.Ke3 Bb7 25.Rc7 Bd5 26.Bxd5 exd5 27.Rxd5 Kh6 28.g4 Rf3+
29.Kxe4 Rh3 30.g5+ Kh5 31.Rxg7 Kg4 32.g6 h5 33.Rf7 Re8+ 34.Re5 Rxh2 35.Rf4+ Kg3
36.Rf3+  1-0

[Event "87th ch-ARG 2013"]
[Site "Villa Martelli ARG"]
[Date "2013.04.11"]
[Round "9.8"]
[White "Lujan,C"]
[Black "Della Morte,G"]
[Result "1-0"]
[WhiteElo "2366"]
[BlackElo "2318"]

1.e4 c5 2.Nf3 Nc6 3.Nc3 e6 4.d4 cxd4 5.Nxd4 Qc7 6.Be2 Nf6 7.O-O a6 8.Be3 Be7
9.a4 O-O 10.Kh1 d6 11.f4 Re8 12.Qe1 Bf8 13.Qg3 Bd7 14.Rad1 Rad8 15.Nb3 Rb8
16.e5 dxe5 17.fxe5 Nd5 18.Nxd5  1-0

[Event "87th ch-ARG 2013"]
[Site "Villa Martelli ARG"]
[Date "2013.04.12"]
[Round "10.4"]
[White "Iermito,S"]
[Black "Lujan,C"]
[Result "1-0"]
[WhiteElo "2463"]
[BlackElo "2366"]

1.e4 c5 2.Nf3 e6 3.d4 cxd4 4.Nxd4 Nc6 5.Nc3 Qc7 6.Be2 Nf6 7.O-O a6 8.Be3 b5
9.Nxc6 dxc6 10.f4 Be7 11.e5 Nd5 12.Nxd5 cxd5 13.Bd3 g6 14.c3 Bd7 15.Qe2 h5
16.Bd4 Bc5 17.Rfc1 Rc8 18.Qe3 O-O 19.Kf2 Bxd4 20.Qxd4 Qc5 21.Qxc5 Rxc5 22.Ke3 Rfc8
23.a3 a5 24.Kd2 a4 25.Ke3 Kf8 26.Kd4 Ke7 27.Rf1 R5c7 28.Rf3 Rh8 29.Rh3 Rcc8
30.Rf1 Bc6 31.Rh4 Bd7 32.Rf3 Rcg8 33.Rg3 Kd8 34.Be2 Ke7 35.Rgh3 g5 36.Rxh5 Rxh5
37.Rxh5 gxf4 38.Bf3 Rc8 39.Kd3 b4 40.axb4 Bb5+ 41.Kd2 d4 42.cxd4 Rc4 43.Rh8 Rxd4+
44.Kc2 Rc4+ 45.Kb1 Rxb4 46.Ra8 Bd3+ 47.Kc1 Be4 48.Ra7+ Kf8 49.Bh5 Bxg2 50.Rxf7+ Kg8
51.Rf6 Bd5 52.Bf7+ Kg7 53.Bxe6 Bxe6 54.Rxe6 Rc4+ 55.Kd2 Rb4 56.Kc2 Rc4+ 57.Kb1 Re4
58.Rf6 Rb4 59.Ka2 Re4 60.Ka3 Rd4 61.h4 Re4 62.Ka2 Rb4 63.h5 Rc4 64.h6+ Kh7
65.Ka3 Re4 66.e6 Rd4 67.e7 Re4 68.Rxf4 Rxe7 69.Rh4 Rb7 70.Rxa4 Kxh6 71.Rg4 Kh5
72.Rc4 Ra7+ 73.Ra4 Rb7 74.Rd4 Ra7+ 75.Kb4 Rb7+ 76.Kc3 Kg5 77.b4 Kf5 78.Kc4 Ke5
79.Rd1 Rb8 80.b5 Rc8+ 81.Kb4 Ke6 82.b6 Rc2 83.Kb5 Ke7 84.Ka6 Ra2+ 85.Kb7 Rb2
86.Kc7 Rc2+ 87.Kb8 Rb2 88.b7 Rb3 89.Ra1  1-0

[Event "10th Balagne Rapid Open"]
[Site "Calvi FRA"]
[Date "2013.04.13"]
[Round "7"]
[White "Gertosio,F"]
[Black "Skripchenko,A"]
[Result "1-0"]
[WhiteElo "2180"]
[BlackElo "2430"]

1.e4 c5 2.Nf3 e6 3.d4 cxd4 4.Nxd4 Nc6 5.Nc3 Qc7 6.Nxc6 bxc6 7.f4 d5 8.Bd3 Nf6
9.O-O h5 10.Qe2 Be7 11.f5 Ng4 12.Bf4 e5 13.Bg3 Qb6+ 14.Kh1 Qxb2 15.Na4 Qa3
16.exd5 Qxa4 17.Bxe5 Nxe5 18.Qxe5 Kf8 19.Rfe1 Qa3 20.dxc6 h4 21.Rad1 Qc5
22.Qe4 a5 23.c7 Ra7 24.Bc4 Qxc7 25.Qd5 Bf6 26.Bb5 Kg8 27.Qf3 Bg5 28.Rd5 Bb7
29.f6 Bxd5 30.Re8+ Kh7 31.Qh5+ Bh6 32.Bd3+  1-0

[Event "ch-POL 2013"]
[Site "Chorzow POL"]
[Date "2013.04.13"]
[Round "1.13"]
[White "Gajek,R"]
[Black "Piorun,K"]
[Result "0-1"]
[WhiteElo "2303"]
[BlackElo "2529"]

1.e4 c5 2.Nf3 e6 3.d4 cxd4 4.Nxd4 Nc6 5.Nc3 d6 6.Be3 a6 7.Be2 Nf6 8.O-O Be7
9.f4 Bd7 10.Qe1 b5 11.a3 O-O 12.Qg3 Rc8 13.Bd3 g6 14.Nxc6 Bxc6 15.f5 Nh5
16.Qg4 Ng7 17.Rf2  0-1

[Event "ch-POL 2013"]
[Site "Chorzow POL"]
[Date "2013.04.15"]
[Round "3.2"]
[White "Swiercz,D"]
[Black "Bulski,K"]
[Result "1-0"]
[WhiteElo "2622"]
[BlackElo "2549"]

1.e4 c5 2.Nf3 e6 3.d4 cxd4 4.Nxd4 Nc6 5.Nc3 Qc7 6.Be3 a6 7.Qd2 Nf6 8.O-O-O Bb4
9.f3 O-O 10.g4 b5 11.g5 Ne8 12.Nxc6 dxc6 13.Qf2 f6 14.h4 e5 15.Bc5 Bxc5 16.Qxc5 Be6
17.Be2 Rc8 18.Kb1 Rf7 19.Rhg1 Qa7 20.Qxa7 Rxa7 21.a4 Kf8 22.b3 Rd7 23.Kb2 Rcd8
24.axb5 Rxd1 25.Nxd1 axb5 26.Nf2 Nc7 27.Nd3 Bf7 28.f4 exf4 29.Nxf4 Re8 30.Bd3 Ne6
31.Nxe6+ Rxe6 32.Kc3 Re5 33.b4 h6 34.gxf6 gxf6 35.Kd4 Ke7 36.Be2 Kd6 37.Rg7 Bh5
38.Bd3 Be8 39.Rg8 Bf7 40.Rg3 Be8 41.Rf3 Ke7 42.Rf1 Bh5 43.Ra1 Be8 44.Rf1 Bh5
45.Rf4 Bd1 46.Rf2 Bh5 47.Bf1 Bf7 48.Bh3 Be6 49.Bg2 Bf7 50.Rf4 Be6 51.Bf3 Bf7
52.Bg4 Be6 53.Be2 Bf7 54.Rf2 Bh5 55.Bd3 Bf7 56.Ke3 Rh5 57.Rf4 Re5 58.Rf1 Rh5
59.Rh1 Re5 60.Kf4 Bg6 61.Rg1 Kf7 62.Ra1 Ke6 63.Ra6 Kd6 64.Ra7 Rh5 65.Rg7 Be8
66.Kg4 Re5 67.Rh7 h5+ 68.Kf4 Ke6 69.Ra7 Kd6 70.Ra6 Bg6 71.Ra1 Ke7 72.Rg1 Bf7
73.Ke3 Be6 74.Kd4 Bg4 75.Rf1 Ke6 76.Ra1 Kd6 77.Ra6 Bf3 78.Ra7 Bg2 79.Rf7 Ke6
80.Rg7 Bf3 81.c3 Kd6 82.Bc2 c5+ 83.bxc5+ Rxc5 84.Bd3 Re5 85.Rf7 Re6 86.Ke3 Bg2
87.Kf4 Kc5 88.Rh7 Re5 89.Rh6 Bh3 90.Rxf6 Re8 91.Rg6 Rf8+ 92.Ke3 Bf1 93.Rg5+ Kc6
94.Rxh5 Bxd3 95.Kxd3 Rf1 96.Rf5 Rd1+ 97.Ke2 Rh1 98.h5 Rh3 99.Kd2 Kb6 100.e5  1-0

[Event "ch-POL 2013"]
[Site "Chorzow POL"]
[Date "2013.04.15"]
[Round "3.7"]
[White "Macieja,B"]
[Black "Hnydiuk,A"]
[Result "1/2-1/2"]
[WhiteElo "2608"]
[BlackElo "2400"]

1.e4 c5 2.Nf3 e6 3.d4 cxd4 4.Nxd4 Nc6 5.Nc3 a6 6.Be2 d6 7.Be3 Nf6 8.f4 Bd7
9.Bf3 Rc8 10.Nb3 b5 11.Qd2 Na5 12.Nxa5 Qxa5 13.a3 Be7 14.O-O Qc7 15.g4 Bc6
16.g5 Nd7 17.Qf2 O-O 18.Bg2 Rfe8 19.Qh4 a5 20.Rf3 b4 21.axb4 axb4 22.Rh3 Nf8
23.Ne2 Bd7 24.Rc1 d5 25.e5 Qc4 26.Qf2 b3 27.c3 Ra8 28.Nd4 Ra2 29.Bf1 Qa4
30.Bd3 g6 31.Bb1 Ra1 32.Qe2 Rc8 33.Rf3 Bc5 34.Qd1 Bxd4 35.Bxd4 Bb5 36.Qd2 Qc4
37.Re3 Nd7 38.h4 Nc5 39.h5 Ne4 40.Qe1 Rc7 41.Rd1 Qc6 42.Rh3 Bc4 43.Be3 Rd7
44.Bd4 Qb7 45.Kg2 Qc6 46.Qe3 Qb7 47.Rhh1 Qa6 48.Rhe1 Qc6 49.Qh3 Qa6 50.Qg4 Qc6
51.Kh2 Qa6 52.Be3 Qc6 53.Rd4 Qa6 54.Qg1 Qc6 55.Qg4 Qa6 56.Qg1 Qc6 57.h6 Ra8
58.Red1 Rad8 59.Bxe4 dxe4 60.Rxd7 Rxd7 61.Rxd7 Qxd7 62.Qa1 Bd5 63.c4 Bb7
64.Qa7 Qc8 65.Qb6 Ba6 66.c5 Bb7 67.Qxb3 Qd7 68.Qb6 Qd3 69.Bf2 Qd2 70.Kh3 Qd3+
71.Kh2 Qd2 72.c6 Qxf4+ 73.Bg3 Qd2+ 74.Qf2 Qxf2+ 75.Bxf2 Bxc6 76.Bc5 e3 77.Kg3 e2
78.Kf2 Bb5 79.Ke1 Ba6 80.Kd2 Bb5 81.Bb4 Bc4 82.Bd6 Bb5 83.Be7 Bc4 84.Bb4 Bb5
85.Ke3 e1=Q+ 86.Bxe1 Kf8 87.Kd4 Ke7 88.Kc5 Ba4 89.b4 Kd7 90.b5 Bd1 91.Bb4 Be2
92.Ba3 Bf1 93.Bb4  1/2-1/2

[Event "4th LUCOPEN 2013"]
[Site "Lille FRA"]
[Date "2013.04.15"]
[Round "4.4"]
[White "Pancevski,F"]
[Black "Solodovnichenko,Y"]
[Result "1-0"]
[WhiteElo "2500"]
[BlackElo "2543"]

1.e4 c5 2.Nf3 e6 3.d4 cxd4 4.Nxd4 Nc6 5.Nc3 d6 6.g3 Nf6 7.Bg2 Bd7 8.O-O Be7
9.b3 a6 10.a4 Qc7 11.Nce2 O-O 12.c4 Rad8 13.Ba3 Bc8 14.Nc3 Rfe8 15.Nc2 b6
16.Ne3 Bb7 17.Re1 Bf8 18.Ra2 Ne5 19.Rd2 h5 20.Qc2 Ned7 21.Red1 Nc5 22.Qb1 Qb8
23.b4 Ncd7 24.b5 Nc5 25.bxa6 Bxa6 26.Rb2 Qa7 27.Rxb6 Ncd7 28.Rb3 Ne5 29.Nb5 Bxb5
30.axb5 Nfg4 31.Nxg4 hxg4  1-0

[Event "4th LUCOPEN 2013"]
[Site "Lille FRA"]
[Date "2013.04.15"]
[Round "4.11"]
[White "Burgnies,S"]
[Black "Satyapragyan,S"]
[Result "1/2-1/2"]
[WhiteElo "2153"]
[BlackElo "2463"]

1.e4 c5 2.Nf3 e6 3.d4 cxd4 4.Nxd4 Nc6 5.Nc3 d6 6.Be2 Nf6 7.O-O Be7 8.Be3 O-O
9.f4 Bd7 10.Nb3 a6 11.a4 Na5 12.e5 Ne8 13.Nxa5 Qxa5 14.Ne4 Qc7 15.exd6 Nxd6
16.Nxd6 Bxd6 17.Bd3 Bc6 18.Qe1 g6 19.Qf2 Rfe8 20.b3 Bd5 21.Rad1 Bf8 22.Bd4 Rac8
23.Rfe1 Bb4 24.Re2 Bc3 25.Bxc3 Qxc3 26.Qe1 Qf6 27.Qf2 Red8 28.Red2 Kg7 29.c4 Bc6
30.Bc2 a5 31.Qe3 Rxd2 32.Qxd2 e5 33.fxe5 Qxe5 34.Qd4 Re8 35.Qxe5+ Rxe5 36.Rd2 Re3
37.Kf2 Rc3 38.Ke1 f5 39.Re2 Be4 40.Bxe4 fxe4 41.Rxe4 Rxb3 42.Re5 b6 43.c5 b5
44.c6 bxa4 45.Rxa5 Rc3  1/2-1/2

[Event "ch-POL 2013"]
[Site "Chorzow POL"]
[Date "2013.04.16"]
[Round "4.9"]
[White "Dragun,K"]
[Black "Hnydiuk,A"]
[Result "1-0"]
[WhiteElo "2492"]
[BlackElo "2400"]

1.e4 c5 2.Nf3 e6 3.d4 cxd4 4.Nxd4 Nc6 5.Nc3 a6 6.Be2 d6 7.Be3 Nf6 8.g4 Nxd4
9.Qxd4 e5 10.Qd1 Be6 11.g5 Nd7 12.Bg4 Rc8 13.Bxe6 fxe6 14.Qg4 Qe7 15.h4 b5
16.O-O-O Rc4 17.Qe2 Nc5 18.Bd2 Qc7 19.Kb1 Be7 20.b3 Rd4 21.Be3 Rxd1+ 22.Rxd1 O-O
23.Qg4 Qc8 24.Ne2 Qc6 25.Ng3 Rc8 26.Rd2 Bf8 27.h5 d5 28.g6 d4 29.gxh7+ Kh8
30.Bg5 d3 31.c3 Na4 32.Rxd3 Nxc3+ 33.Ka1 Nxa2 34.h6 Nb4 35.Rf3 Qc7 36.Rxf8+ Rxf8
37.hxg7+ Qxg7 38.Nh5 Qg6 39.Qh4 Qxh7 40.Bf6+ Kg8 41.Qg5+ Kf7 42.Be7 Rg8 43.Qf6+ Ke8
44.Bxb4 Qf7 45.Ka2 Rg2 46.Qh8+ Kd7 47.Nf6+ Kc7 48.Bc5 Kb7 49.b4 Qg7 50.Qd8 Qc7
51.Qd3 Qc6 52.Nd7 Qc7 53.Be3 Qc4+ 54.Qxc4 bxc4 55.Nxe5 Kc7 56.Kb2 Rh2 57.Nxc4 Rh4
58.f3 Kc6 59.Kc3 Rh3 60.Ne5+ Kb5 61.Bd2 a5 62.bxa5 Kxa5 63.Kd4+ Kb6 64.Bb4 Rg3
65.Bd6 Rh3 66.f4 Rh1 67.Nc4+ Kc6 68.Ke5 Kd7 69.Ba3 Rh5+ 70.Kf6 Rh6+ 71.Kg5 Rh3
72.Ne5+ Ke8 73.Bc5 Rc3 74.Bd4 Rc1 75.Ng4 Re1 76.Be3 Kf7 77.Ne5+ Ke8 78.Ng4 Kf7
79.f5 exf5 80.exf5 Re2 81.Ne5+ Ke8 82.Bf4 Rg2+ 83.Kf6 Rf2 84.Ng6 Ra2 85.Ke6 Re2+
86.Be5 Rg2 87.Nf4 Rh2 88.f6 Rh7 89.Nd5 Rf7 90.Bd6 Rxf6+ 91.Nxf6+ Kd8 92.Kd5 Kc8
93.Kc6 Kd8 94.Bb4 Kc8 95.Nd5 Kb8 96.Bc5 Ka8 97.Nc7+ Kb8 98.Bd4 Kc8 99.Ba7 Kd8
100.Nd5 Kc8 101.Ne7+ Kd8 102.Kd6 Ke8 103.Ke6 Kd8 104.Bb6+ Ke8 105.Bc7 Kf8
106.Nf5 Ke8 107.Ng7+ Kf8 108.Kf6 Kg8 109.Bd6 Kh7 110.Nf5 Kg8 111.Kg6 Kh8
112.Be7  1-0

[Event "4th LUCOPEN 2013"]
[Site "Lille FRA"]
[Date "2013.04.16"]
[Round "5.7"]
[White "Loiseau,Q"]
[Black "Gozzoli,Y"]
[Result "1/2-1/2"]
[WhiteElo "2403"]
[BlackElo "2525"]

1.e4 c5 2.Nc3 Nc6 3.Nf3 e6 4.d4 cxd4 5.Nxd4 Nf6 6.Ndb5 d6 7.Bf4 e5 8.Bg5 a6
9.Na3 b5 10.Bxf6 gxf6 11.Nd5 f5 12.c3 Bg7 13.exf5 Bxf5 14.Nc2 O-O 15.Nce3 Be6
16.Bd3 f5 17.Bc2 f4 18.Qh5 Rf7 19.Bxh7+ Kf8 20.Bf5 Qe8 21.Bxe6 Qxe6 22.Qg4 Qh6
23.Nf5 Qe6 24.Nfe3 Qh6 25.Nf5 Qe6 26.Nfe3  1/2-1/2

[Event "7th Agzamov Memorial"]
[Site "Tashkent UZB"]
[Date "2013.04.17"]
[Round "4"]
[White "Igonin,Temur"]
[Black "Tillyaev,U"]
[Result "0-1"]
[WhiteElo "2004"]
[BlackElo "2227"]

1.e4 c5 2.Nf3 Nc6 3.d4 cxd4 4.Nxd4 e6 5.Nc3 Qc7 6.Be2 Nf6 7.O-O Be7 8.Be3 O-O
9.f4 d6 10.Kh1 a6 11.Qe1 Bd7 12.Qg3 Kh8 13.Rae1 b5 14.a3 Rad8 15.Nxc6 Bxc6
16.Bd4 Qb7 17.Bd3 b4 18.axb4 Qxb4 19.Ne2 Bb5 20.c3 Qb3 21.Nc1 Qa4 22.b3 Qa5
23.c4 Bc6 24.e5 dxe5 25.Bxe5 Ne8 26.Qh3 f5 27.Bb2 Bf6 28.Rxe6 Bxb2 29.b4 Qc7
30.Bxf5 Rxf5 31.Qxf5 Nd6 32.Qc5 Qd7 33.f5 Bxc1 34.Rxc1 Ne4 35.Qe3 Qd1+ 36.Qe1 Qd4
37.Rc2 Qd3 38.Re2 Qxc4 39.Kg1 Qd4+ 40.Kh1 Bd5 41.h3 Nf6 42.R6e5 h6 43.Re7 Qd3
44.R2e3 Qxf5 45.Qg3 Nh5 46.Re8+ Rxe8 47.Rxe8+ Kh7 48.Qg4 Qf1+ 49.Kh2 Nf6
50.Qe2 Qf4+ 51.g3 Qxb4 52.Re5 Qb1 53.g4 Qh1+ 54.Kg3 Qg1+ 55.Kf4 Qd4+ 56.Kf5 Be6+  0-1

[Event "ch-SRB 2013"]
[Site "Vrnjacka Banja SRB"]
[Date "2013.04.17"]
[Round "3.1"]
[White "Indjic,A"]
[Black "Cvetkovic,Sr"]
[Result "1-0"]
[WhiteElo "2519"]
[BlackElo "2389"]

1.e4 c5 2.Nf3 e6 3.d4 cxd4 4.Nxd4 Nc6 5.Nc3 a6 6.Nxc6 bxc6 7.e5 Qc7 8.Bf4 f5
9.g4 fxg4 10.Qxg4 Bb7 11.O-O-O c5 12.Rg1 g6 13.Bc4 Nh6 14.Qh3 Nf5 15.Rxg6 hxg6
16.Qxh8 O-O-O 17.Qh3 Bg7 18.Qd3 Qc6 19.Rg1 Rh8 20.Rxg6 Rh4 21.Bd5 Qc7 22.Bxb7+ Qxb7
23.Ne2 Kc7 24.Rxg7 Nxg7 25.Qd6+ Kc8 26.Qxc5+ Qc6 27.Qf8+ Kc7 28.Qxg7 Qf3  1-0

[Event "ch-ESP University 2013"]
[Site "Badajoz ESP"]
[Date "2013.04.19"]
[Round "9.7"]
[White "Garcia Rodriguez,Vi"]
[Black "Rodriguez Guerrero,E"]
[Result "0-1"]
[WhiteElo "2209"]
[BlackElo "2445"]

1.e4 c5 2.Nf3 Nc6 3.d4 cxd4 4.Nxd4 e6 5.Nc3 Qc7 6.Be2 a6 7.O-O Nf6 8.Kh1 Be7
9.f4 d6 10.Bf3 O-O 11.Be3 Re8 12.Qe1 Nxd4 13.Bxd4 e5 14.Be3 exf4 15.Bxf4 Be6
16.Qg3 Nd7 17.Rf2 Ne5 18.Raf1 Ng6 19.Bg5 Bxg5 20.Qxg5 Ne5 21.Nd1 Bc4 22.Re1 Qa5
23.Qd2 Qxd2 24.Rxd2 Re6 25.a4 Rf6 26.Ne3 Be6 27.Be2 Rd8 28.Red1 Bc8 29.Rd5 Ng6
30.e5 Re6 31.Nc4 f5 32.Rxd6 Rdxd6 33.Rxd6 Re8 34.Bh5 Be6 35.Bxg6 hxg6 36.Nd2 g5
37.Nf3 Bf7 38.Nxg5 Rxe5 39.Kg1 Be8 40.b3 Kf8 41.Re6 Rd5 42.Re2 Bc6 43.Kf2 Rd1
44.Kg3 Rf1 45.h4 g6 46.Ne6+ Kg8 47.Nf4 Kg7  0-1

[Event "TCh-AUT 2 Mitte 2012-13"]
[Site "Fuerstenfeld AUT"]
[Date "2013.04.20"]
[Round "10.6"]
[White "Ofner,Maximilian"]
[Black "Titz,Hei"]
[Result "1/2-1/2"]
[WhiteElo "1897"]
[BlackElo "2168"]

1.e4 c5 2.Nf3 e6 3.d4 cxd4 4.Nxd4 Nc6 5.Nc3 Qc7 6.Be3 Nf6 7.Be2 a6 8.O-O Bb4
9.Na4 O-O 10.Nxc6 bxc6 11.Nb6 Rb8 12.Nxc8 Qxc8 13.Ba7 Ra8 14.Bd4 Be7 15.Bf3 d5
16.Qe2 a5 17.exd5 cxd5 18.c4 Qa6 19.Rfe1 Rad8 20.cxd5 Qxe2 21.Rxe2 Nxd5 22.Bxd5 Rxd5
23.Bc3 Rfd8 24.g3 h5 25.Rae1 Bf6 26.Bxf6 gxf6 27.Rc1 Kg7 28.Kg2 f5 29.Rc7 Kf6
30.Rec2 h4 31.R7c5 hxg3 32.hxg3 Kg5 33.Kf3 e5 34.Ke2 f4 35.gxf4+ Kxf4 36.R2c4+ e4
37.Rxd5 Rxd5 38.f3 f5 39.fxe4 fxe4 40.Rc8 Ke5 41.Rc4 Kf4 42.Rc8 Rh5 43.Rf8+ Ke5
44.Re8+ Kd4 45.Rd8+ Kc4 46.Rc8+ Kb4 47.Rb8+ Kc4 48.Ke3 Rh4 49.Rc8+ Kd5 50.Rd8+ Ke5
51.Re8+ Kd5 52.Rd8+ Ke5  1/2-1/2

[Event "Zonal 2.5 2013"]
[Site "Montevideo URU"]
[Date "2013.04.20"]
[Round "3.21"]
[White "Campiglia,Guido"]
[Black "Carbone,D"]
[Result "0-1"]
[WhiteElo "1871"]
[BlackElo "2074"]

1.e4 c5 2.Nc3 e6 3.Nf3 Nc6 4.d4 cxd4 5.Nxd4 Qc7 6.g3 a6 7.Bg2 Nf6 8.O-O Bc5
9.Nde2 O-O 10.Bg5 Ng4 11.Qd2 b5 12.Nd1 Qa7 13.Nc1 Nge5 14.Nb3 Bb6 15.a4 bxa4
16.Rxa4 a5 17.Be3 Ba6 18.Bxb6 Qxb6 19.Re1 Bb5 20.Ra1 a4 21.Nc1 Nc4 22.Qc3 Rac8
23.b3 axb3 24.cxb3 N4e5 25.Qd2 Nd4 26.Ne3 Ndf3+  0-1

[Event "ch-LTU w 2013"]
[Site "Vilnius LTU"]
[Date "2013.04.20"]
[Round "5.3"]
[White "Zaksaite,S"]
[Black "Butvilaite,Berta Reja"]
[Result "1-0"]
[WhiteElo "2152"]
[BlackElo "1570"]

1.e4 c5 2.Nf3 e6 3.d4 cxd4 4.Nxd4 Nc6 5.Nc3 Qc7 6.Nb3 a6 7.g3 Nf6 8.Bg2 Bb4
9.O-O O-O 10.Bf4 d6 11.a3 e5 12.axb4 exf4 13.b5 Nb4 14.Ra4 a5 15.gxf4 Bd7
16.Re1 Rfe8 17.Qd2 b6 18.Rd1 Rac8 19.Qxd6 Nxc2 20.e5 Be6 21.Qxc7 Rxc7 22.Nd4 Nxd4
23.Raxd4 Nd7 24.Bc6 Rd8 25.Nd5 Bxd5 26.Rxd5 Kf8 27.Rxd7 Rcxd7 28.Rxd7 Rxd7
29.Bxd7 Ke7 30.Bc8 h6 31.f5 h5 32.f4 a4 33.Kf2 Kd8 34.Bb7 Ke7 35.h4 Kd7 36.Ke3  1-0

[Event "TCh-CZE Div1 Zapad 2012-13"]
[Site "Czech Republic CZE"]
[Date "2013.04.21"]
[Round "11.3"]
[White "Novotny,M1"]
[Black "Chloupek,S"]
[Result "1-0"]
[WhiteElo "2274"]
[BlackElo "2325"]

1.e4 c5 2.Nf3 e6 3.d4 cxd4 4.Nxd4 Nc6 5.Nc3 Qc7 6.Be3 a6 7.Be2 Nf6 8.O-O Bb4
9.Na4 Be7 10.Nxc6 bxc6 11.Nb6 Rb8 12.Nxc8 Qxc8 13.e5 Nd5 14.Bc1 Bc5 15.c4 Ne7
16.b3 Qc7 17.Bb2 O-O 18.Bd3 Ng6 19.Re1 Rfd8 20.Qc2 a5 21.h4 Nf8 22.Re4 a4
23.bxa4 Qa7 24.Bc3 Bb4 25.c5 Bxc3 26.Qxc3 Ra8 27.h5 Qa5 28.Rb4 h6 29.Rab1 Ra7
30.Qd4 Qc7 31.R1b3 Rda8 32.Bc2 Qd8 33.Rg3 Qe7 34.Qc3 Nh7 35.Rbg4 Ng5 36.f4  1-0

[Event "TCh-AUT 2 Mitte 2012-13"]
[Site "Fuerstenfeld AUT"]
[Date "2013.04.21"]
[Round "11.5"]
[White "Wiesinger,R"]
[Black "Pesorda,I"]
[Result "1/2-1/2"]
[WhiteElo "2244"]
[BlackElo "2274"]

1.e4 c5 2.Nf3 e6 3.Nc3 Nc6 4.d4 cxd4 5.Nxd4 d6 6.Be2 Nf6 7.O-O Be7 8.Be3 a6
9.a4 O-O 10.f4 Qc7 11.Kh1 Kh8 12.Bf3 Nxd4 13.Qxd4 e5 14.Qd2 exf4 15.Bxf4 Be6
16.Rad1 Rad8 17.Be2 Qa5 18.Bg5 Rfe8 19.Rf3 Ng4 20.Bxe7 Rxe7 21.Qf4 Qe5 22.h3 Qxf4
23.Rxf4 Ne5 24.Rff1 Kg8 25.Rd4 Nc6 26.Rd2 Kf8 27.Rfd1 Red7 28.Nb1 Ne5 29.b3 d5
30.exd5 Rxd5 31.Rxd5 Rxd5 32.Rxd5 Bxd5 33.Kg1 Be4 34.Bd1 Ke7 35.Kf2 Kd6 36.Nd2 Bd5  1/2-1/2

[Event "48th Capablanca Mem Elite"]
[Site "Havana CUB"]
[Date "2013.04.21"]
[Round "1.1"]
[White "Inarkiev,E"]
[Black "Andreikin,D"]
[Result "1/2-1/2"]
[WhiteElo "2688"]
[BlackElo "2727"]

1.e4 c5 2.Nf3 e6 3.d4 cxd4 4.Nxd4 Nc6 5.Nc3 d6 6.Be3 Nf6 7.Be2 Be7 8.Qd2 e5
9.Nb3 O-O 10.f4 a5 11.a4 Nb4 12.O-O Be6 13.f5 Bxb3 14.cxb3 d5 15.exd5 Nbxd5
16.Rad1 Nxe3 17.Qxe3 Qc7 18.Ne4 Rad8 19.Bc4 Qc6 20.Nxf6+ Bxf6 21.Rfe1 Bh4
22.Rxd8 Rxd8 23.Rc1 h6 24.Qe2 Qd7 25.Qe4 Bf2+ 26.Kf1 Bb6 27.g3 Qe7 28.Re1 Qc5
29.Kg2 Qf2+ 30.Kh3 Rd2 31.Re2 Qf1+ 32.Rg2 Qxg2+ 33.Qxg2 Rxg2 34.Kxg2 Bd4
35.Kf3 Bxb2 36.Ke4 b6 37.g4 Kf8 38.h4 Ke7 39.h5 Kf6 40.Bd5 Ba1 41.Kf3 Ke7
42.Ke4 f6 43.Kd3 Kd6 44.Kc4 Bd4  1/2-1/2

[Event "48th Capablanca Mem Elite"]
[Site "Havana CUB"]
[Date "2013.04.22"]
[Round "2.3"]
[White "Harikrishna,P"]
[Black "Andreikin,D"]
[Result "1/2-1/2"]
[WhiteElo "2705"]
[BlackElo "2727"]

1.e4 c5 2.Nf3 e6 3.d4 cxd4 4.Nxd4 Nc6 5.Nc3 d6 6.g4 h6 7.h4 Be7 8.Be3 Nf6
9.Rg1 d5 10.Bb5 Bd7 11.exd5 Nxd5 12.Nxd5 exd5 13.Qe2 Nxd4 14.Bxd7+ Qxd7 15.Bxd4 O-O
16.O-O-O Qe6 17.Qd2 Bxh4 18.f4 Rfe8 19.Rh1 Bg3 20.Rhg1 Bh4 21.Rh1 Bg3 22.Rhg1 Bh4  1/2-1/2

[Event "Nakhchivan Open A 2013"]
[Site "Nakhchivan AZE"]
[Date "2013.04.22"]
[Round "1.1"]
[White "Sanal,V"]
[Black "Potkin,V"]
[Result "0-1"]
[WhiteElo "2418"]
[BlackElo "2665"]

1.e4 c5 2.Nf3 e6 3.d4 cxd4 4.Nxd4 Nc6 5.Nc3 a6 6.Be3 Qc7 7.Qd2 Nf6 8.f3 b5
9.O-O-O Be7 10.g4 Nxd4 11.Bxd4 Bb7 12.Qf2 O-O 13.Bb6 Qb8 14.g5 Nh5 15.Be3 Bc6
16.Ne2 b4 17.Nd4 Bb7 18.Bc4 a5 19.Bb5 Qc8 20.Ba4 d5 21.Qh4 g6 22.exd5 Bxd5
23.Nf5 gxf5 24.Qxh5 Bc5 25.Bf4 Rd8 26.Kb1 Bd6 27.Be3 Qb7 28.Rhf1 Be5 29.f4 Bg7
30.Qe2 Qc7 31.Qf2 Qc4 32.Bb3 Qc6 33.Bb6 a4 34.Bxd5 Rxd5 35.Rxd5 Qxd5 36.Qf3 Qxf3
37.Rxf3 f6 38.gxf6 Bxf6 39.Rd3 Kf7 40.Rd7+ Kg6 41.Kc1 e5 42.fxe5 Bxe5 43.Bd4 Bxh2
44.Kd2 h5 45.Ke3 a3 46.b3 Rc8 47.Rg7+ Kh6 48.Rg2 f4+ 49.Kf3 Bg3 50.Be5 h4
51.Bxf4+ Bxf4 52.Kxf4 Rf8+ 53.Ke3 Kh5 54.Rg7 h3 55.Rh7+ Kg4 56.Rg7+ Kh4 57.Rh7+ Kg4
58.Rg7+ Kf5 59.Rh7 Rc8 60.Rf7+ Ke5 61.Rf2 Rc3+ 62.Kd2 Rg3 63.Rf8 Ke4 64.Re8+ Kf3
65.Re3+ Kf4 66.Re8 Rf3 67.Ke2 Rc3 68.Rf8+ Kg3 69.Rg8+ Kh2 70.Kd2 Rg3 71.Re8 Kg2
72.Re2+ Kf3 73.Re3+ Kf4 74.Re8 Rg2+ 75.Kd3 h2 76.Rh8 Kg3 77.c3 bxc3 78.Kxc3 Rxa2  0-1